000 00634nam a22001937a 4500
999 _c12090
_d12090
003 AR-CdUCM
008 190405b ||||| |||| 00| 0 spa d
040 _aMUNICIPALIDAD PROVINCIAL DEL CUSCO
_cBIBLIOTECA MUNICIPAL DEL CUSCO
082 _aES / 796.1 /
_bG96
100 _aGutierrez Rojas, Herlinda
_929776
245 _aRescatando Nuestros juegos tradicionales /
300 _a42 paginas ;
_bilustraciones, graficos, dibujos,
_c21 cm.
500 _aLibro recreacional
650 _aLibro recreacional
_929777
650 _aLiteratura
_983
650 _aTexto educativo
_925832
942 _2ddc
_cLIBROS
945 _apjha
_d2019-04-05